00317nam a2200109Ia 4500008004100000041000800041100001500049245008300064260003100147300000900178700002000187250110s9999 xx 000 0 und d aeng aNaik Seema aAssessment Of Learning Environment For Daylight And Thermal Comfort In Schools bBNCA M Arch EA, Punec2017 a121p aGuide Name:BNCA